Normal view
MARC view
Entry Personal Name
001 - CONTROL NUMBER
- control field: 44489
003 - CONTROL NUMBER IDENTIFIER
- control field: ARRUPE
005 - DATE AND TIME OF LATEST TRANSACTION
- control field: 20190207145331.0
008 - FIXED-LENGTH DATA ELEMENTS
- fixed length control field: 190207|| aca||aabn | a|a d
040 ## - CATALOGING SOURCE
- Original cataloging agency: ARRUPE
- Transcribing agency: ARRUPE
100 ## - HEADING--PERSONAL NAME
- Personal name: MacMurray, John
670 ## - SOURCE DATA FOUND
- Source citation: Work cat.: (ARRUPE)50533: MacMurray, John, The Self as Agent